000 00441nam a22001697a 4500
003 UA-OsUOA
001 6000
007 ta
008 20050721b un ||||| |||| 00| 0 ukr d
100 _aОстап'юк
700 _aО. П.
942 _cBK
040 _aUA-OsUOA
_cUA-OsUOA
_dUA-OsUOA
245 _aПсихолінгвістичні аспекти поетичного перекладу...
_bMA Paper
955 _a2
650 7 _2UDC
999 _c292162
_d292162